Marketing

Salvato in:
Dettagli Bibliografici
Autore principale: Tietz, Bruno
Natura: Libro
Lingua:tedesco
Pubblicazione: Düsseldorf Werner 1989
Edizione:2. überarb. und erweit. Aufl.
Tags: Aggiungi Tag
Nessun Tag, puoi essere il primo ad aggiungerne!!

MARC

LEADER 00000nam a2200000 4500
001 c041530
005 20221215124650.0
041 0 |a ger 
044 |a DE 
245 1 0 |a Marketing  |c Bruno Tietz 
250 |a 2. überarb. und erweit. Aufl. 
264 1 |a Düsseldorf  |b Werner  |c 1989 
300 |a 536 s. 
100 1 |a Tietz, Bruno